Making and breaking the grid : a graphic design layout workshop / (Record no. 1613)

000 -LEADER
fixed length control field 01042cam a2200265 a 4500
001 - CONTROL NUMBER
control field 12861512
003 - CONTROL NUMBER IDENTIFIER
control field OSt
005 - DATE AND TIME OF LATEST TRANSACTION
control field 20150416151614.0
008 - FIXED-LENGTH DATA ELEMENTS--GENERAL INFORMATION
fixed length control field 020719s2002 maua b 001 0 eng
010 ## - LIBRARY OF CONGRESS CONTROL NUMBER
LC control number 2002011635
020 ## - INTERNATIONAL STANDARD BOOK NUMBER
International Standard Book Number 1564968936
040 ## - CATALOGING SOURCE
Original cataloging agency DLC
Transcribing agency DLC
Modifying agency DLC
050 00 - LIBRARY OF CONGRESS CALL NUMBER
Classification number Z246.S23 2002
082 00 - DEWEY DECIMAL CLASSIFICATION NUMBER
Classification number 686.2/24
Edition number 21
100 1# - MAIN ENTRY--PERSONAL NAME
Personal name Samara, Timothy.
245 10 - TITLE STATEMENT
Title Making and breaking the grid : a graphic design layout workshop /
Statement of responsibility, etc written, compiled, and designed by Timothy Samara.
260 ## - PUBLICATION, DISTRIBUTION, ETC. (IMPRINT)
Place of publication, distribution, etc Gloucester, MA :
Name of publisher, distributor, etc Rockport Publishers,
Date of publication, distribution, etc c2002.
300 ## - PHYSICAL DESCRIPTION
Extent 207 p. :
Other physical details ill. (chiefly col.) ;
Dimensions 29 cm.
504 ## - BIBLIOGRAPHY, ETC. NOTE
Bibliography, etc Includes bibliographical references (p. 206) and index.
650 #0 - SUBJECT ADDED ENTRY--TOPICAL TERM
Topical term or geographic name as entry element Grids (Typographic design)
650 #0 - SUBJECT ADDED ENTRY--TOPICAL TERM
Topical term or geographic name as entry element Layout (Printing)
906 ## - LOCAL DATA ELEMENT F, LDF (RLIN)
a 7
b cbc
c orignew
d 1
e ecip
f 20
g y-gencatlg
942 ## - ADDED ENTRY ELEMENTS (KOHA)
Source of classification or shelving scheme
Koha item type Book
Holdings
Withdrawn status Lost status Source of classification or shelving scheme Damaged status Not for loan Home library Current library Shelving location Date acquired Total Checkouts Full call number Barcode Date last seen Date checked out Copy number Price effective from Koha item type Total Renewals
          Riara University Library Riara University Library General stack 16/04/2015 3 Z246.S23 2002 5527/15 20/11/2023 01/11/2023 C.1 16/04/2015 Book  
          Riara University Library Riara University Library General stack 16/04/2015 2 Z246.S23 2002 5528/15 20/11/2023 23/10/2023 C.2 16/04/2015 Book  
          Riara University Library Riara University Library General stack 16/04/2015 2 Z246.S23 2002 5529/15 15/11/2023 23/10/2023 C.3 16/04/2015 Book 1

Riara University Library,
P.O. Box 49940-00100,
Nairobi, Kenya.